| 000 | 00465nam a22001577a 4500 | ||
|---|---|---|---|
| 003 | OSt | ||
| 005 | 20180124100231.0 | ||
| 008 | 180124b xxu||||| |||| 00| 0 ara d | ||
| 040 | _aLB-BrCRDP | ||
| 082 | _a346.04 A117t | ||
| 100 | _aفرح ابي راشد | ||
| 245 |
_aتطور الاستملاك البناني _bنصوص-اجتهادات-فقه |
||
| 260 |
_aبيروت _bمطبعة جوزف الشمالي _c1966 |
||
| 300 |
_aص451 _cسم24 |
||
| 942 |
_2ddc _cBK |
||
| 999 |
_c18445 _d18445 |
||